| 000 | 00520nam a2200193 a 4500 | ||
|---|---|---|---|
| 005 | 20140310183529.0 | ||
| 008 | 110822s19uu xx 00 eng d | ||
| 020 | _a9781422139806 | ||
| 050 |
_aHB 615 _b.C75 2009 |
||
| 245 | _aCrisis as opportunity / | ||
| 260 |
_aBoston, Massachusetts : _bHarvard Business Press, _c2009. |
||
| 300 |
_a94 p. : _c18 cm. |
||
| 521 | _aBSBA | ||
| 650 | _aEntrepreneurship | ||
| 650 | _aFinancial crises | ||
| 650 | _aSuccess in business | ||
| 942 |
_cBK _2lcc _kFOR |
||
| 999 |
_c24578 _d24578 |
||